[Event "AUTO-OPEN-2245"]
[Site "http://www.queenalice.com/game.php?id=954455"]
[Date "2011.6.27"]
[Round "2"]
[White "pacou93"]
[Black "Airon_Redner"]
[Result "0-1"]
[WhiteElo "1848"]
[BlackElo "2119"]

1. e4 c6 2. d4 d5 3. Nc3 dxe4 4. Nxe4 Bf5 5. Ng3 Bg6 6. h4 h6 7. Nf3 Nd7 8. h5
Bh7 9. Bd3 Bxd3 10. Qxd3 Qc7 11. Bd2 e6 12. O-O-O Ngf6 13. Ne4 O-O-O 14. g3 e5
15. dxe5 Nxe5 16. Nxe5 Rxd3 0-1

[Event "AUTO-OPEN-2245"]
[Site "http://www.queenalice.com/game.php?id=954456"]
[Date "2011.6.27"]
[Round "2"]
[White "Airon_Redner"]
[Black "pacou93"]
[Result "1-0"]
[WhiteElo "2120"]
[BlackElo "1838"]

1. d4 Nf6 2. c4 g6 3. Nc3 Bg7 4. e4 d6 5. Be2 O-O 6. Nf3 e5 7. d5 Nbd7 8. Bg5 h6
9. Bh4 g5 10. Bg3 Nh5 11. Qd2 Nxg3 12. hxg3 Nf6 13. Ng1 g4 14. O-O-O c5 15. f3
a6 16. Rh4 gxf3 17. Nxf3 Bd7 18. Rdh1 Ng4 19. Rf1 b6 20. Rhh1 f5 21. Nh2 Qg5 22.
Nxg4 fxg4 23. Qxg5 hxg5 24. Nd1 b5 25. Ne3 Rxf1+ 26. Rxf1 bxc4 27. Nf5 Bb5 28.
Nxd6 1-0

[Event "AUTO-OPEN-2245"]
[Site "http://www.queenalice.com/game.php?id=954459"]
[Date "2011.6.27"]
[Round "2"]
[White "faresjo"]
[Black "Airon_Redner"]
[Result "1/2-1/2"]
[WhiteElo "2074"]
[BlackElo "2121"]

1. e4 c6 2. d4 d5 3. Nc3 dxe4 4. Nxe4 Bf5 5. Ng3 Bg6 6. h4 h6 7. Nf3 Nd7 8. Bd3
Bxd3 9. Qxd3 Qc7 10. Bd2 Ngf6 11. O-O-O e6 12. Rde1 O-O-O 13. Qb3 Bd6 14. Ne4
Bf4 15. Bxf4 Qxf4+ 16. Qe3 Qc7 17. c3 Ng4 18. Qe2 c5 19. Rd1 Ngf6 20. Nxf6 gxf6
21. g3 Nb6 22. dxc5 Qxc5 23. Nd4 a6 24. Nxe6 fxe6 25. Qxe6+ Nd7 26. Rd4 Rhe8 27.
Qg4 h5 28. Qf4 Qe5 29. Rhd1 Qxf4+ 30. Rxf4 Re5 31. Rc4+ Rc5 32. Rcd4 Re5 33.
Rc4+ Rc5 34. Rcd4 1/2-1/2

[Event "AUTO-OPEN-2245"]
[Site "http://www.queenalice.com/game.php?id=954460"]
[Date "2011.6.27"]
[Round "2"]
[White "Airon_Redner"]
[Black "faresjo"]
[Result "1/2-1/2"]
[WhiteElo "2123"]
[BlackElo "2060"]

1. d4 Nf6 2. c4 e6 3. Nc3 Bb4 4. Qc2 O-O 5. Bg5 d5 6. Nf3 Nbd7 7. a3 Bxc3+ 8.
Qxc3 h6 9. Bh4 c6 10. e3 Qc7 11. Bd3 dxc4 12. Bxc4 c5 13. O-O b6 14. Be2 Bb7 15.
Nd2 Rac8 16. Rac1 Nd5 17. Qb3 Qb8 18. Bf3 cxd4 19. Bg3 Qa8 20. exd4 N7f6 21.
Rfe1 Rfd8 22. Nc4 g5 23. Nd6 Rxc1 24. Rxc1 g4 25. Nxb7 Qxb7 26. Bxd5 Nxd5 27.
Qc2 Qd7 28. Be5 f6 29. Bg3 f5 30. Be5 Kf7 31. Qd2 Kg6 32. Qc2 Kf7 1/2-1/2

[Event "AUTO-OPEN-3090"]
[Site "http://www.queenalice.com/game.php?id=1220845"]
[Date "2013.9.29"]
[Round "1"]
[White "thigo"]
[Black "Airon_Redner"]
[Result "0-1"]
[WhiteElo "1620"]
[BlackElo "2141"]

1. e4 e6 2. Nf3 d5 3. exd5 exd5 4. c4 d4 5. Ne5 Bd6 6. Qh5 Qe7 7. f4 Nd7 8. Be2
Nxe5 9. fxe5 Qxe5 10. c5 Qxh5 11. Bxh5 Bxc5 12. O-O Nf6 13. Bf3 c6 14. d3 O-O
15. Bg5 Ng4 16. Nd2 Bd6 17. Bxg4 Bxg4 18. Ne4 Be5 19. Bf4 Bxf4 20. Rxf4 Be2 21.
Nd6 b6 22. Rxd4 c5 23. Rd5 Rad8 24. Re1 Bg4 25. Re7 Be6 26. Nxf7 Rxd5 27. Kf2
Bxf7 28. Ke3 Re8 29. Rxe8+ Bxe8 30. Ke4 Rd4+ 31. Ke3 Bg6 32. g4 Rxd3+ 33. Kf4
Rd2 34. h4 Rxb2 35. h5 c4 36. hxg6 c3 37. a4 c2 38. gxh7+ Kxh7 39. g5 c1=Q+ 40.
Kf5 Qe3 41. g6+ Kh6 42. Kg4 Rb4+ 43. Kf5 Rf4# 0-1

[Event "AUTO-OPEN-3090"]
[Site "http://www.queenalice.com/game.php?id=1220846"]
[Date "2013.9.29"]
[Round "1"]
[White "Airon_Redner"]
[Black "thigo"]
[Result "1-0"]
[WhiteElo "2140"]
[BlackElo "1566"]

1. d4 e6 2. c4 c5 3. e3 Qf6 4. Nf3 d5 5. Nc3 cxd4 6. exd4 dxc4 7. Bxc4 Bb4 8.
O-O Nc6 9. d5 exd5 10. Nxd5 Qd6 11. Bf4 Qc5 12. Qe2+ Kf8 13. a3 Ba5 14. b4 Bxb4
15. axb4 Nxb4 16. Nxb4 Qxb4 17. Rad1 Nf6 18. Rd8+ 1-0

[Event "AUTO-OPEN-3090"]
[Site "http://www.queenalice.com/game.php?id=1220867"]
[Date "2013.9.29"]
[Round "1"]
[White "Aspayne"]
[Black "Airon_Redner"]
[Result "0-1"]
[WhiteElo "1974"]
[BlackElo "2126"]

1. b3 e5 2. Bb2 Nc6 3. e4 Nf6 4. Nc3 Bb4 5. Nf3 d6 6. Bd3 Be6 7. Qe2 h6 8. O-O-O
Bg4 9. h3 Nd4 10. Qe3 Bxf3 11. gxf3 Bc5 0-1

[Event "AUTO-OPEN-3090"]
[Site "http://www.queenalice.com/game.php?id=1220868"]
[Date "2013.9.29"]
[Round "1"]
[White "Airon_Redner"]
[Black "Aspayne"]
[Result "1-0"]
[WhiteElo "2133"]
[BlackElo "1964"]

1. d4 Nf6 2. c4 e5 3. dxe5 Ng4 4. Bf4 Nc6 5. Nf3 Bb4+ 6. Nbd2 Qe7 7. a3 Ngxe5 8.
Nxe5 Nxe5 9. e3 Bd6 10. Ne4 b6 11. Nxd6+ Qxd6 12. Qxd6 cxd6 13. Rd1 1-0

[Event "AUTO-OPEN-3090"]
[Site "http://www.queenalice.com/game.php?id=1220879"]
[Date "2013.9.29"]
[Round "1"]
[White "Ettedualc"]
[Black "Airon_Redner"]
[Result "1-0"]
[WhiteElo "2291"]
[BlackElo "2144"]

1. g4 d5 2. c4 Bxg4 3. Qb3 Nd7 4. cxd5 Nb6 5. Bg2 Nf6 6. Nc3 e5 7. Nf3 Bd6 8. h3
Bd7 9. d4 Qe7 10. dxe5 Bxe5 11. Nxe5 Qxe5 12. Be3 O-O 13. O-O-O Bf5 14. Rhg1
Rfd8 15. Bd4 Qe7 16. e4 Bg6 17. f4 Bh5 18. Rd2 g6 19. e5 Ne8 20. f5 gxf5 21. d6
Qg5 22. Bxb7 Qxg1+ 23. Bxg1 Rab8 24. Bxb6 cxb6 25. Qa4 Rxb7 26. Qh4 Rbd7 27.
Qxh5 Ng7 28. Rg2 1-0

[Event "AUTO-OPEN-3090"]
[Site "http://www.queenalice.com/game.php?id=1220880"]
[Date "2013.9.29"]
[Round "1"]
[White "Airon_Redner"]
[Black "Ettedualc"]
[Result "0-1"]
[WhiteElo "2136"]
[BlackElo "2312"]

1. d4 g6 2. Nf3 Bg7 3. c4 d6 4. e4 Nf6 5. Nc3 O-O 6. Be2 c5 7. d5 Qb6 8. O-O Bg4
9. Nd2 Bxe2 10. Qxe2 Nbd7 11. f4 Nh5 12. Nf3 Bd4+ 13. Kh1 Bxc3 14. bxc3 Qa6 15.
g4 Nhf6 16. Rg1 Nb6 17. e5 Nfxd5 18. Qf1 Nxc4 19. Qh3 Qc6 20. Rg2 dxe5 21. Ng5
Nf6 22. Qf3 e4 23. Qe2 Rad8 24. Kg1 Rd3 25. Rg3 Rfd8 26. Be3 h6 27. Nh3 Rxe3 28.
Qxc4 Rxg3+ 29. hxg3 Rd3 30. f5 Rxg3+ 31. Kh2 Qd6 0-1

[Event "AUTO-OPEN-3109"]
[Site "http://www.queenalice.com/game.php?id=1227457"]
[Date "2013.10.26"]
[Round "1"]
[White "twiddledeedum"]
[Black "Airon_Redner"]
[Result "0-1"]
[WhiteElo "1763"]
[BlackElo "2129"]

1. Nf3 d5 2. d4 Nf6 3. Nc3 Bf5 4. e3 e6 5. h3 h6 6. Bd3 Bxd3 7. Qxd3 c6 8. e4
dxe4 9. Nxe4 Nbd7 10. Bf4 Nxe4 11. Qxe4 Nf6 12. Qd3 Be7 13. O-O O-O 14. Rad1 Nd5
15. Bd2 Qc7 16. c4 Nf4 17. Bxf4 Qxf4 18. Rfe1 Rfd8 19. Qe4 Qxe4 20. Rxe4 Bf6 21.
Rd2 Rd7 22. b3 Rad8 23. g4 c5 24. h4 Bxd4 25. Nxd4 Rxd4 26. Rexd4 Rxd4 27. Rxd4
cxd4 28. Kf1 e5 29. Ke2 f6 30. c5 Kf7 31. Kd3 Ke6 32. f4 Kd5 33. fxe5 fxe5 34.
a4 Kxc5 35. h5 Kb4 0-1

[Event "AUTO-OPEN-3109"]
[Site "http://www.queenalice.com/game.php?id=1227458"]
[Date "2013.10.26"]
[Round "1"]
[White "Airon_Redner"]
[Black "twiddledeedum"]
[Result "1-0"]
[WhiteElo "2130"]
[BlackElo "1556"]

1. d4 d5 2. c4 dxc4 3. Nf3 Nf6 4. e3 Bg4 5. Bxc4 a6 6. Qb3 e6 7. Qxb7 Nbd7 8.
Nbd2 Qb8 9. Bxa6 Bb4 10. Qxb8+ Rxb8 11. O-O Bxd2 12. Nxd2 O-O 13. Bd3 e5 14. f3
Bh5 15. Nc4 c5 16. dxe5 Nd5 17. a3 N5b6 18. Nxb6 Rxb6 19. f4 f6 20. exf6 Rfxf6
21. Bc4+ Bf7 22. Bxf7+ Rxf7 23. Rb1 Nf6 24. Bd2 Ne4 25. Bc3 Rfb7 26. Rbc1 Nxc3
27. bxc3 c4 28. Ra1 Rb3 29. a4 Rxc3 30. a5 Ra7 31. Rfc1 Rxe3 32. Rxc4 Re6 33.
Kf2 h5 34. Rc5 Rea6 35. Rxh5 g6 36. Rg5 Kg7 37. f5 Kf6 38. Rxg6+ Kxf5 39. Rxa6
Rxa6 40. Kf3 Kg5 41. Ra4 Rf6+ 42. Ke3 Ra6 43. Kd3 1-0

[Event "AUTO-OPEN-3109"]
[Site "http://www.queenalice.com/game.php?id=1227505"]
[Date "2013.10.26"]
[Round "1"]
[White "Airon_Redner"]
[Black "andrevillares"]
[Result "1-0"]
[WhiteElo "2134"]
[BlackElo "1815"]

1. d4 Nf6 2. c4 e6 3. Nc3 d5 4. a3 Be7 5. Nf3 O-O 6. e3 b6 7. Bd3 Bb7 8. O-O
dxc4 9. Bxc4 Nbd7 10. Be2 c5 11. dxc5 Nxc5 12. b4 Nce4 13. Bb2 Nxc3 14. Bxc3 Qc8
15. Rc1 Qd7 16. Ne5 Qxd1 17. Rfxd1 Rac8 18. Bf3 Bxf3 19. gxf3 Nd5 20. Bb2 Rfd8
21. Nc6 Nxe3 22. Nxe7+ Kf8 23. Rxd8+ Rxd8 24. fxe3 Kxe7 25. Rc7+ Kf8 26. Bd4 Ra8
27. a4 f6 28. a5 bxa5 29. Rxa7 Rxa7 30. Bxa7 axb4 31. Bc5+ Kf7 32. Bxb4 e5 33.
e4 g5 34. Kg2 h5 35. h4 Kg6 36. Kg3 f5 37. Bd6 fxe4 38. fxe4 gxh4+ 39. Kxh4 1-0

[Event "AUTO-OPEN-3109"]
[Site "http://www.queenalice.com/game.php?id=1227506"]
[Date "2013.10.26"]
[Round "1"]
[White "andrevillares"]
[Black "Airon_Redner"]
[Result "0-1"]
[WhiteElo "1819"]
[BlackElo "2131"]

1. d4 Nf6 2. c4 e6 3. Nf3 d5 4. Nc3 c6 5. cxd5 cxd5 6. Bg5 Nbd7 7. e3 Be7 8. Bd3
O-O 9. O-O a6 10. Rc1 b6 11. Qe2 Bb7 12. e4 dxe4 13. Nxe4 Nd5 14. Bxe7 Qxe7 15.
Nfg5 Nf4 16. Qe3 Nxd3 17. Qxd3 f5 18. Qh3 h6 19. Nxe6 Qxe6 20. Ng3 Rac8 21. Rce1
Qf6 22. Rd1 Bd5 23. a3 b5 24. Rfe1 Nb6 25. Re5 f4 26. Nf5 Rce8 27. Rde1 Rxe5 28.
Rxe5 Be6 29. Nxh6+ Qxh6 30. Qxe6+ Qxe6 31. Rxe6 Rc8 32. h3 Nc4 33. Rxa6 Nxb2 34.
Rb6 Nc4 35. Rxb5 Nxa3 36. Rf5 Rf8 37. Rxf8+ Kxf8 38. f3 Nc2 0-1

[Event "AUTO-OPEN-3109"]
[Site "http://www.queenalice.com/game.php?id=1270775"]
[Date "2014.4.6"]
[Round "2"]
[White "Airon_Redner"]
[Black "cunningsloth"]
[Result "1-0"]
[WhiteElo "2136"]
[BlackElo "2001"]

1. d4 Nf6 2. c4 e6 3. Nc3 Bb4 4. Qc2 c5 5. e3 cxd4 6. exd4 d5 7. Nf3 O-O 8. Bd3
dxc4 9. Bxc4 a6 10. O-O b5 11. Be2 Bb7 12. Rd1 Nc6 13. b3 Ne7 14. Bb2 Rc8 15.
Qd3 Bxc3 16. Bxc3 Nfd5 17. Rac1 Nf4 18. Qd2 Ned5 19. Bf1 Nxc3 20. Rxc3 Rxc3 21.
Qxc3 Qd5 22. Qe3 f5 23. Qxf4 1-0

[Event "AUTO-OPEN-3109"]
[Site "http://www.queenalice.com/game.php?id=1270776"]
[Date "2014.4.6"]
[Round "2"]
[White "cunningsloth"]
[Black "Airon_Redner"]
[Result "0-1"]
[WhiteElo "1976"]
[BlackElo "2156"]

1. e4 e6 2. d4 d5 3. Nc3 Be7 4. f4 dxe4 5. Nxe4 Nf6 6. Nxf6+ Bxf6 7. Nf3 b6 8.
Be3 Bb7 9. Bb5+ c6 10. Bd3 Nd7 11. Qe2 Qc7 12. O-O-O h6 13. Ne5 Bxe5 14. dxe5
O-O-O 15. Be4 c5 16. Bxb7+ Qxb7 17. h4 Nb8 18. g4 Na6 19. Rhf1 Nb4 20. a3 Nd5
21. f5 Qc7 22. Bf2 Qc6 23. Bg3 Nc7 24. fxe6 Qxe6 25. Qf3 Rxd1+ 26. Rxd1 Rd8 27.
Rxd8+ Kxd8 28. Qf5 c4 29. Qxe6 Nxe6 30. Kd2 Nd4 31. c3 Nb3+ 32. Ke3 Kd7 33. Ke4
Ke6 34. Bf4 Nc5+ 35. Kd4 Nd7 36. Ke4 b5 37. Kd4 a6 38. Bg3 g6 39. Ke4 Nb6 40.
Bf4 g5 41. hxg5 hxg5 42. Bxg5 Na4 43. Bf4 Nxb2 44. Kd4 Na4 45. Bg3 Nb6 46. Kc5
Na4+ 47. Kb4 Kd5 48. Ka5 Nxc3 49. Kxa6 Nb1 50. Kxb5 Nxa3+ 51. Kb4 Nc2+ 52. Kc3
Ne3 53. g5 Nf5 54. Bh2 Ne7 55. Kd2 Ng6 0-1

[Event "AUTO-OPEN-3109"]
[Site "http://www.queenalice.com/game.php?id=1270777"]
[Date "2014.4.6"]
[Round "2"]
[White "Airon_Redner"]
[Black "josebaron"]
[Result "1-0"]
[WhiteElo "2144"]
[BlackElo "1952"]

1. d4 d5 2. c4 Nf6 3. Nc3 c6 4. e3 Bg4 5. Nf3 Bxf3 6. Qxf3 e6 7. a3 Be7 8. Bd3
O-O 9. O-O c5 10. dxc5 Bxc5 11. b4 Be7 12. Bb2 a6 13. Rfd1 Nbd7 14. cxd5 Ne5 15.
Qe2 Nxd3 16. Qxd3 exd5 17. Nxd5 Nxd5 18. Qxd5 Qxd5 19. Rxd5 Rfd8 20. Rad1 Rxd5
21. Rxd5 Rd8 22. Rxd8+ Bxd8 23. e4 h5 24. f4 b5 25. Kf2 h4 26. Ke3 f6 27. Kd4
Kf7 28. Kc5 g5 29. fxg5 fxg5 30. Kc6 Ke6 31. h3 Ke7 32. Kb7 a5 33. Ka6 axb4 34.
axb4 Ke6 35. Kxb5 Bc7 36. Kc6 Bf4 37. b5 Bd6 38. b6 Bg3 39. b7 Ke7 40. e5 1-0

[Event "AUTO-OPEN-3109"]
[Site "http://www.queenalice.com/game.php?id=1270778"]
[Date "2014.4.6"]
[Round "2"]
[White "josebaron"]
[Black "Airon_Redner"]
[Result "0-1"]
[WhiteElo "1937"]
[BlackElo "2150"]

1. e4 e6 2. d4 d5 3. e5 c5 4. Bb5+ Bd7 5. Bxd7+ Qxd7 6. Nf3 Nc6 7. O-O cxd4 8.
Re1 Bc5 9. a3 a5 10. Qd3 Rc8 11. h3 Nge7 12. c4 dxc4 13. Qxc4 Ba7 14. Qb5 O-O
15. Bg5 Ng6 16. Nbd2 h6 17. Bh4 Nxh4 18. Nxh4 Qe7 19. Nhf3 Qc5 20. Qxc5 Bxc5 21.
Nb3 Ba7 22. Rac1 Rfd8 23. g4 Bb6 24. Nc5 Bxc5 25. Rxc5 Rc7 26. Rd1 Rcd7 27. Kg2
Rd5 28. Rxd5 Rxd5 29. b3 d3 30. h4 g6 31. Kg3 Nxe5 32. Nxe5 Rxe5 33. Rxd3 Rb5
34. f4 Kf8 35. a4 Rd5 36. Rc3 b6 37. Kf3 Ke7 38. Ke4 Kd7 39. Rd3 f5+ 40. gxf5
gxf5+ 41. Ke3 Kd6 42. h5 Rxd3+ 43. Kxd3 Kd5 44. Ke3 e5 45. fxe5 Kxe5 46. Kf3 f4
47. Ke2 Ke4 48. Kf2 f3 49. Kf1 Kd3 50. Kf2 Kc3 51. Kxf3 Kxb3 52. Kf4 Kxa4 53.
Kf5 b5 54. Kg6 b4 55. Kxh6 b3 56. Kg7 b2 57. h6 b1=Q 58. h7 Qxh7+ 59. Kxh7 Kb4
60. Kg6 a4 61. Kf5 a3 62. Ke4 a2 63. Ke5 a1=Q+ 0-1

[Event "AUTO-OPEN-3109"]
[Site "http://www.queenalice.com/game.php?id=1308492"]
[Date "2014.9.15"]
[Round "3"]
[White "Airon_Redner"]
[Black "LUKK22"]
[Result "0-1"]
[WhiteElo "2162"]
[BlackElo "2613"]

1. d4 g6 2. c4 Bg7 3. Nc3 d6 4. Nf3 Nf6 5. e4 O-O 6. Be2 c5 7. d5 Re8 8. O-O e6
9. Re1 exd5 10. exd5 Na6 11. a3 Ne4 12. Nxe4 Rxe4 13. Bd3 Rxe1+ 14. Qxe1 Bg4 15.
Qe4 Qd7 16. h3 Bf5 17. Qe2 Bxd3 18. Qxd3 Nc7 19. Rb1 b5 20. b3 a5 21. Bd2 a4 22.
b4 bxc4 23. Qxc4 Nb5 24. Qd3 c4 25. Qe4 Re8 26. Qxc4 Nxa3 27. Qa2 Nxb1 0-1

[Event "AUTO-OPEN-3109"]
[Site "http://www.queenalice.com/game.php?id=1308493"]
[Date "2014.9.15"]
[Round "3"]
[White "LUKK22"]
[Black "Airon_Redner"]
[Result "1-0"]
[WhiteElo "2609"]
[BlackElo "2163"]

1. g4 d5 2. Bg2 c6 3. h3 e5 4. d4 Bd6 5. dxe5 Bxe5 6. Nf3 Nd7 7. Nxe5 Nxe5 8.
Qd4 Qf6 9. Be3 Ng6 10. Qd2 Qd6 11. Qc3 f6 12. Nd2 b6 13. g5 Bb7 14. h4 O-O-O 15.
O-O-O Qe7 16. Nf3 fxg5 17. Bxg5 Nf6 18. h5 Nf8 19. h6 Rd6 20. Nd4 g6 21. Nb5
N8d7 22. Bf4 Re6 23. Bxd5 1-0